Linear Programming (Record no. 248817)

MARC details
000 -LEADER
fixed length control field 00506nam a22001937a 4500
003 - CONTROL NUMBER IDENTIFIER
control field OSt
008 - FIXED-LENGTH DATA ELEMENTS--GENERAL INFORMATION
fixed length control field 241116b |||||||| |||| 00| 0 eng d
082 ## - DEWEY DECIMAL CLASSIFICATION NUMBER
Classification number 519 .72
100 ## - MAIN ENTRY--PERSONAL NAME
Personal name Sankara Narayanan T
245 ## - TITLE STATEMENT
Title Linear Programming
Statement of responsibility, etc Sankara Narayanan T and Joseph A Mangaladoss
250 ## - EDITION STATEMENT
Edition statement 3rd
260 ## - PUBLICATION, DISTRIBUTION, ETC. (IMPRINT)
Place of publication, distribution, etc Palayamkottai
Name of publisher, distributor, etc Suaja PUBLISHING House
Date of publication, distribution, etc 1989
500 ## - GENERAL NOTE
General note TRANSFERED
650 ## - SUBJECT ADDED ENTRY--TOPICAL TERM
Form subdivision Mathematics
General subdivision Mthematics
942 ## - ADDED ENTRY ELEMENTS (KOHA)
Item type Books
Source of classification or shelving scheme Dewey Decimal Classification
Holdings
Withdrawn status Lost status Damaged status Permanent location Current location Shelving location Date acquired Source of acquisition Full call number Barcode Date last seen Koha item type
      CENTRAL LIBRARY, NOORUL ISLAM CENTRE FOR HIGHER EDUCATION CENTRAL LIBRARY, NOORUL ISLAM CENTRE FOR HIGHER EDUCATION Mathematics 11/16/2024 Gift Books from Department 519.72 M9 83461 11/16/2024 Books
Visitors:
Copyright © 2024 Central Library NICHE.  All rights reserved.